Anaerobic digestion of rubber waster for production of renewable energy (Record no. 54201)

MARC details
000 -LEADER
fixed length control field 00551nam a2200145Ia 4500
100 ## - MAIN ENTRY--AUTHOR NAME
Personal name Aigbodion A I
245 #0 - TITLE STATEMENT
Title Anaerobic digestion of rubber waster for production of renewable energy
260 ## - PUBLICATION, DISTRIBUTION, ETC. (IMPRINT)
Name of publisher IRC 2012. International Rubber Conference, 28-31 October 2012, Kovalam, India, Rubber Research Institute of India, Kottayam and IRRDB, Malaysia: Abstracts. pp.119-120.
650 ## - SUBJECT ADDED ENTRY--TOPICAL TERM
Topical Term Renewable energy
700 ## - ADDED ENTRY--PERSONAL NAME
Personal name Ikhuoria E U
700 ## - ADDED ENTRY--PERSONAL NAME
Personal name Olugbemide D A
700 ## - ADDED ENTRY--PERSONAL NAME
Personal name Omorogbe S O
942 ## - ADDED ENTRY ELEMENTS (KOHA)
Koha item type Journals
Holdings
Withdrawn status Lost status Damaged status Not for loan Home library Current library Date acquired Koha item type
      Journals RRII Library RRII Library 06/03/2013 Journals